|
|
|
|
| LEADER |
00000nam0a2200000 4500 |
| 001 |
56962 |
| 005 |
20231031053934.0 |
| 010 |
|
|
|a 5160006206
|
| 035 |
|
|
|a (RuTPU)RU\TPU\book\59873
|
| 090 |
|
|
|a 56962
|
| 100 |
|
|
|a 20031017d2001 km y0rusy50 ca
|
| 101 |
0 |
|
|a rus
|
| 102 |
|
|
|a RU
|
| 105 |
|
|
|a y l 000zy
|
| 200 |
1 |
|
|a Инструкция по санитарному содержанию помещений и оборудования производственных предприятий
|
| 210 |
|
|
|a Москва
|c Инфра-М
|d 2001
|
| 215 |
|
|
|a 28 с.
|
| 300 |
|
|
|a Предназначена для организаций всех форм собственности и организационно-правовых форм
|
| 610 |
1 |
|
|a организация производства
|
| 610 |
1 |
|
|a предприятия
|
| 610 |
1 |
|
|a санитарное содержание
|
| 610 |
1 |
|
|a помещения
|
| 610 |
1 |
|
|a оборудование
|
| 610 |
1 |
|
|a инструкции
|
| 675 |
|
|
|a 658.345(083)
|v 3
|
| 801 |
|
1 |
|a RU
|b 63413507
|c 20031017
|g PSBO
|
| 801 |
|
2 |
|a RU
|b 63413507
|c 20031112
|g PSBO
|
| 942 |
|
|
|c BK
|